00377 2200157 4500001002100000005001500021035002000036245003700056100001600093300002600109260002800135082000800163084001400171020002200185990001200207INLIS00000000000300920250918091457 a0010-09250003561 aPersembahan Cinta /cRisna Utami0 aRisna Utami a256 hlm ;c13 x 19 cm aJakarta :bZettu,c2013 a813 a813 RIS p a978-602-7735-35-4 a0755624